Nennen Sie alle Länder, die in oder an den Alpen liegen, und ihre Haup - Statistiken

Allgemein
  • Dieses Quiz wurde 116 mal gespielt
  • Das Durchschnittsergebnis liegt bei 22 aus 24
Antwortstatistiken
Hint Antwort % Korrekt
Abkürzung D
100%
Land Deutschland
99%
Österreich
99%
Schweiz
99%
F
98%
Frankreich
98%
IT
98%
Italien
97%
Stadt Berlin
96%
LI
96%
SL
95%
Slowenien
95%
Bern
94%
Liechtenstein
94%
Wien
94%
Paris
93%
Rom
92%
Monaco
84%
Monaco
84%
CH
78%
Vaduz
78%
Ljubljana
71%
AT
63%
MC
59%
Keine übereinstimmenden Quizze gefunden
Verteilung der Resultate
Anzahl Personen mit jedem Resultat
Perzentil nach korrekt beantworteten Fragen
Ihre Resultats-Entwicklung
Sie haben dieses Quiz noch nicht gespielt